00396nam a2200133Ia 4500100003300000942000700033654002000040245003200060260003500092300000800127546001200135999001700147952009800164 aThirkell/C.H/ Ingham/E. ed.  cBK aEngine & Boiler aEngine & Boiler Accessories bThe Bennett CollegeaSheffield a262 aENGLISH c20166d20166 001040708AFTaCRCEbCRCEc1516 | 46d2023-03-17l0o pAFT6052r2023-03-17w2023-03-17yBK